Draw the Coast of the Black Sea on the Map - Statistics

General Stats
  • This quiz has been taken 5,340 times
  • The average score is 7 of 8
Answers on the Map
Answers color-coded by a green-red scale on the quiz's map according to % correct below.
 
Answer Stats
Country % Correct
Romania
98%
Russia
97%
Ukraine
97%
Russia
82%
Turkey
82%
Ukraine
82%
Georgia
81%
Bulgaria
78%
No matching quizzes found
Score Distribution
Percent of People with Each Score
Percentile by Number Answered
Your Score History
You have not taken this quiz